| 000 | 00794nam a22002177a 4500 | ||
|---|---|---|---|
| 999 |
_c14816 _d14816 |
||
| 003 | AR-CdUCM | ||
| 008 | 190422b ||||| |||| 00| 0 spa d | ||
| 020 | _a978-84-683-1284-2 | ||
| 040 |
_aMUNICIPALIDAD PROVINCIAL DEL CUSCO _cBIBLIOTECA MUNICIPAL DEL CUSCO |
||
| 041 | _hspa | ||
| 082 |
_aES / 803 / _bO21 |
||
| 100 |
_aOsés, Beatriz _933725 |
||
| 245 |
_aErik Vogler : _bY los crímenes del rey blanco / |
||
| 260 |
_aBarcelona : _bEdebé, _c2014. |
||
| 300 |
_a143 páginas ; _bIlustraciones, _c22 cm. |
||
| 440 |
_aBook & look _n1 _933726 |
||
| 505 | _aContenido: El billete equivocado -- Lejos de Nueva York -- En el balcón -- La fotografía del periódico -- Un fantasma en los talones ... | ||
| 650 |
_aLiteratura Juvenil _91580 |
||
| 942 |
_2ddc _cLIBROS |
||
| 945 |
_acmm _d2019-04-24 |
||